Medzinárodný manažment a medzinárodné podnikanie : Faktografické údaje a prípadové štúdie

Saved in:
Bibliographic Details
Main Authors: Sršňová, Jana (Author), Füzyová, Ľuba (Author), Kršáková, Zuzana (Author)
Format: Book
Language:Slovak
Published: Bratislava : Ekonóm, 2000
Edition:1. vyd.
Subjects:
Tags: Add Tag
No Tags, Be the first to tag this record!

MARC

LEADER 00000nam a22000003a 4500
001 stu74658
005 20150617225647.1
008 020306s2000----xo------------------slo-d
020 |a 80-225-1279-6 
040 |a STU  |b slo 
041 0 |a slo 
044 |a xo 
080 |a 65.012.4 
100 1 |a Sršňová, Jana  |4 aut 
245 1 |a Medzinárodný manažment a medzinárodné podnikanie :  |b Faktografické údaje a prípadové štúdie 
250 |a 1. vyd. 
260 |a Bratislava :  |b Ekonóm,  |c 2000 
300 |a 190 s 
650 7 |a Manažment medzinárodný  |2 stusub 
650 7 |a Podnikanie medzinárodné  |2 stusub 
700 1 |a Füzyová, Ľuba  |4 aut 
700 1 |a Kršáková, Zuzana  |4 aut 
996 |b 284M034954  |c M*S-1048-1  |l MMKN  |s A  |a 24  |w stu74658_0001